000 00912nam0a22002531 4500
001 rc\700845
005 20250621215207.0
035 _a(NLR Aleph) 005936683
090 _a6635189
_c6635189
100 _a20031121d1985 |||y0rusy50 ca
101 0 _arus
102 _aRU
105 _aa |||||||||
200 1 _aВеликие культуры Месоамерики
_fПер. с исп. З.В. Ивановского
_g[Предисл. и науч. ред. В.И. Гуляева]
210 _aМ.
_cЗнание
_d1985
215 _a208 с.
_cил.
_d17
225 1 _aПереводная научно-популярная литература
300 _aПеревод изд.: Las grandes culturas de Mesoamerica / Demetrio Sodi M. (Panorama)
700 1 _aСоди
_bД.
_gДеметрио
801 0 _aRU
_bNLR
_gpsbo
801 1 _aRU
_bELAR
_2rusmarc
852 _aNLR
_j85-2/1824
942 _cBOOK
980 _aNB